[Event "Hampstead op U2200 09"]
[Site "Hampstead"]
[Date "2013.09.28"]
[Round "3"]
[White "David, Barry"]
[Black "Sharkey, Brian"]
[Result "1-0"]
[WhiteElo "1834"]
[BlackElo "1634"]
[PlyCount "45"]
[EventDate "2013.09.28"]
[EventType "swiss"]
[EventRounds "5"]
[EventCountry "ENG"]
[SourceTitle "EXT 2015"]
[Source "ChessBase"]
[SourceDate "2014.11.20"]
[SourceVersion "1"]
[SourceVersionDate "2014.11.20"]
[SourceQuality "1"]

1. e4 d6 2. d4 Nf6 3. Nc3 g6 4. Be2 Bg7 5. Be3 a6 6. f4 0-0 7. h3 b5 8. e5 Nfd7 9. Bf3 c6 10. h4 Bb7 11. h5 Qc7 12. hxg6 fxg6 13. Ne4 c5 14. Ng5 Bxf3 15. N1xf3 cxd4 16. Qxd4 Qc6 17. Rxh7 dxe5 18. fxe5 Rxf3 19. gxf3 Bxe5 20. Qd3 Bg3+ 21. Ke2 Ne5 22. Qd8+ Qe8 23. Qxe8# 1-0

[Event "Hampstead op U2200 07"]
[Site "Hampstead"]
[Date "2013.07.21"]
[Round "5"]
[White "Wen, Jackson"]
[Black "Sharkey, Brian"]
[Result "1-0"]
[WhiteElo "1642"]
[BlackElo "1810"]
[PlyCount "49"]
[EventDate "2013.07.20"]
[EventType "swiss"]
[EventRounds "5"]
[EventCountry "ENG"]
[SourceTitle "EXT 2023"]
[Source "ChessBase"]
[SourceDate "2022.10.05"]
[SourceVersion "1"]
[SourceVersionDate "2022.10.05"]
[SourceQuality "1"]

1. e4 c5 2. Nc3 Nc6 3. f4 g6 4. Nf3 Bg7 5. Bc4 e6 6. d3 Nge7 7. 0-0 d5 8. Bb5 a6 9. Bxc6+ Nxc6 10. Qe1 dxe4 11. dxe4 Nd4 12. Qf2 0-0 13. Qg3 Nxc2 14. Rb1 Nd4 15. Qh3 Nxf3+ 16. Rxf3 b5 17. Be3 Qe7 18. Rbf1 Bb7 19. Rg3 b4 20. Na4 Bd4 21. Bxd4 cxd4 22. f5 Bxe4 23. f6 Qa7 24. Qh6 d3+ 25. Kh1 1-0

[Event "Hampstead op U2200 07"]
[Site "Hampstead"]
[Date "2013.07.20"]
[Round "3"]
[White "Verma, Aditya"]
[Black "Sharkey, Brian"]
[Result "1-0"]
[WhiteElo "1616"]
[BlackElo "1810"]
[PlyCount "143"]
[EventDate "2013.07.20"]
[EventType "swiss"]
[EventRounds "5"]
[EventCountry "ENG"]
[SourceTitle "EXT 2023"]
[Source "ChessBase"]
[SourceDate "2022.10.05"]
[SourceVersion "1"]
[SourceVersionDate "2022.10.05"]
[SourceQuality "1"]

1. e4 c5 2. Nc3 Nc6 3. Bb5 g6 4. Bxc6 dxc6 5. f4 Bg7 6. Nf3 Nf6 7. d3 0-0 8. 0-0 Qc7 9. Qe1 Bd7 10. Qh4 e5 11. f5 gxf5 12. Bh6 Bxh6 13. Qxh6 Ng4 14. Qh4 f6 15. exf5 Ne3 16. Ng5 Bxf5 17. Rf3 Nxc2 18. Rxf5 Nxa1 19. Ne6 Qe7 20. Nxf8 Rxf8 21. Qg4+ Kh8 22. Qd1 Qd7 23. Rf3 Qd4+ 24. Kh1 e4 25. Rf4 Qxd3 26. Qxa1 e3 27. Qf1 Qxf1+ 28. Rxf1 f5 29. Rd1 Rf7 30. Ne2 f4 31. h3 Kg7 32. Rf1 Rd7 33. Nxf4 Rd2 34. Ne6+ Kg6 35. Re1 Kf6 36. Rxe3 Rxb2 37. Nxc5 Rxa2 38. Nxb7 a5 39. Nc5 a4 40. Re6+ Kf5 41. Rxc6 a3 42. Ra6 Rc2 43. Nb3 Ra2 44. Nd4+ Ke4 45. Nb5 Ra1+ 46. Kh2 a2 47. Nc3+ Kd3 48. Nxa2 Kc4 49. Nb4 Rb1 50. Nc2 Rb7 51. Rh6 Kd5 52. Ne3+ Ke5 53. Ng4+ Kf5 54. Nf6 Rb6 55. Rxh7 Rxf6 56. Rg7 Ra6 57. h4 Kf6 58. Rg5 Ra8 59. Kh3 Rh8 60. g3 Rh6 61. Kg4 Rg6 62. Rxg6+ Kxg6 63. Kf4 Kh5 64. Kf5 Kh6 65. g4 Kg7 66. g5 Kh7 67. Kf6 Kg8 68. g6 Kh8 69. g7+ Kg8 70. h5 Kh7 71. Kf7 Kh6 72. g8Q 1-0